000114265 001__ 114265 000114265 005__ 20220606143524.0 000114265 037__ $$aGDOC-2021-27730 000114265 041__ $$aspa 000114265 041__ $$aeng 000114265 100__ $$0(orcid)0000-0002-7183-2280$$1576228$$aMaría del Carmen Chéliz, Inglés 000114265 24500 $$927730$$aDerecho internacional privado 000114265 24200 $$927730$$aInternational Private Law 000114265 260__ $$aZaragoza$$bUniversidad de Zaragoza$$c2021-2022 000114265 521__ $$9132$$aGraduado en Derecho$$bDegree in Law 000114265 540__ $$aby-nc-sa$$bCreative Commons$$c3.0$$uhttp://creativecommons.org/licenses/by-nc-sa/3.0/ 000114265 700__ $$0(orcid)0000-0002-2969-6932$$1137698$$aMaría Pilar Diago, Diago 000114265 700__ $$0(orcid)0000-0001-5143-6435$$1333947$$aAna Katia Fach, Gómez 000114265 700__ $$0(orcid)0000-0002-7128-1407$$1385868$$aMaría Elena Zabalo, Escudero 000114265 830__ $$9421 000114265 8564_ $$s18305$$uhttps://zaguan.unizar.es/record/114265/files/guia-27730-es.pdf$$yGuía (idioma español) 000114265 8564_ $$s8999$$uhttps://zaguan.unizar.es/record/114265/files/guia-27730-en.pdf$$yGuide (english) 000114265 970__ $$aGDOC-2021-27730 000114265 980__ $$aGDOC$$bCiencias Sociales y Jurídicas$$bSocial Sciences and Law$$c102